00250nam a22001097a 4500003000400000082001700004100002000021245004600041260002600087300000800113650001900121SGT a617.69bR25G aGupta, Vaishali aRestoring Edentulous ridges with implants bSGT University c2025 a144 aProsthodontics